Stress Management in Police/ (Record no. 188874)
[ view plain ]
| 000 -LEADER | |
|---|---|
| fixed length control field | 00527nam a22001817a 4500 |
| 005 - DATE AND TIME OF LATEST TRANSACTION | |
| control field | 20220607104249.0 |
| 010 ## - LCCN (DPL NO) | |
| LC control number | ENG-133055 |
| 020 ## - INTERNATIONAL STANDARD BOOK NUMBER | |
| Terms of availability | 125.00 |
| 035 ## - SYSTEM CONTROL NUMBER | |
| System control number | EN-116587 |
| 037 ## - SOURCE OF ACQUISITION | |
| Source of stock number/acquisition | DBAD/PUB |
| 082 ## - DEWEY DECIMAL CLASSIFICATION NUMBER | |
| Classification number | 155.9042 |
| 100 ## - MAIN ENTRY--PERSONAL NAME | |
| Personal name | Saxena, Anil K. |
| 245 ## - TITLE STATEMENT | |
| Title | Stress Management in Police/ |
| Statement of responsibility, etc | Anil K.Saxena |
| 260 ## - PUBLICATION, DISTRIBUTION, ETC. (IMPRINT) | |
| Place of publication, distribution, etc | Hyderabad |
| Name of publisher, distributor, etc | S.V.P. National Police Academy |
| Date of publication, distribution, etc | 2003 |
| 270 ## - ADDRESS | |
| Address | S.V.P. National Police Academy |
| City | Hyderabad |
| Postal code | 500052 |
| 300 ## - PHYSICAL DESCRIPTION | |
| Extent | 105p. |
| Dimensions | 21cm(pbk) |
| 942 ## - ADDED ENTRY ELEMENTS (KOHA) | |
| Source of classification or shelving scheme | Dewey Decimal Classification |
| Item type | English Books |
| Call number suffix | SAX |
| Classification part | 155.9042 |
| Withdrawn status | Lost status | Not for loan | Collection code | Home library | Current library | Date acquired | Source of acquisition | Cost, normal purchase price | Full call number | Barcode | Copy number | Cost, replacement price | Koha item type |
|---|---|---|---|---|---|---|---|---|---|---|---|---|---|
| Non-fiction | Ashok Vihar | Ashok Vihar | 07/06/2022 | DBAD/PUB | 125.00 | 155.9042 SAX | EN-116587 | 1 | 125.00 | English Books |
